00441nmm a2200157Ia 4500008004100000020001800041041000800059100002100067245002100088264005500109300001800164650002600182856005100208942000700259999001700266251105s9999||||xx |||||||||||||||||und|| a9789560102102 aspa aReyes, Américo 0aEl confesionario a[Santiago de Chile, Chile] :bRil editores, c2015 a120 páginas aLatin American poetry uhttps://public.digitaliapublishing.com/a/42554 cCF c93705d93705